000 01203nam a2200361 i 4500
001 589
003 KOSZ 005
005 20200124080625.0
008 040519s1975 pl a |000 0 pol
015 _aPB 1976/1867
035 _a(OCoLC)749801460
040 _aWA N
_cWA N
_dKOSZ 005/EG
041 0 _apol
046 _k1975
080 _a624.131
080 _a(076)
100 1 _aKonderla, Halina.
_eAutor
245 1 0 _aPrzewodnik do ćwiczeń rachunkowych z geotechniki /
_cHalina Konderla, Anna Kwaśnik, Barbara Szymłowska.
260 _aWrocław :
_bPW,
_c1975.
300 _a122 s. :
_bil., tab., wykr. ;
_c25 cm.
380 _aKsiążki.
490 1 _aSkrypty / Politechnika Wrocławska.
504 _aBibliogr. s. 120.
658 _aInżynieria i technika
655 4 _aĆwiczenia i zadania dla szkół wyższych
650 4 _aGeologia inżynierska
650 4 _aGeotechnika
700 1 _aKwaśnik, Anna.
_eAutor
700 1 _aSzymłowska, Barbara.
_eAutor
856 _uhttp://koha.tu.koszalin.pl/cgi-bin/koha/opac-detail.pl?biblionumber=589
_yKatalog online BPK
830 0 _aSkrypty - Politechnika Wrocławska
942 _2UKD
_cKS
999 _c589
_d589